|
|
|
|
| LEADER |
00000cam a2200000 c 4500 |
| 001 |
1122538286 |
| 003 |
DE-627 |
| 005 |
20240902125356.0 |
| 007 |
tu |
| 008 |
950103s1962 xx ||||| 00| ||ger c |
| 016 |
7 |
|
|a 451213033
|2 DE-101
|
| 020 |
|
|
|c : DMOst 1.50 (kart.)
|
| 035 |
|
|
|a (DE-627)1122538286
|
| 035 |
|
|
|a (DE-576)052538281
|
| 035 |
|
|
|a (DE-599)BSZ052538281
|
| 035 |
|
|
|a (OCoLC)164122281
|
| 035 |
|
|
|a (OCoLC)164122281
|
| 040 |
|
|
|a DE-627
|b ger
|c DE-627
|e rakwb
|
| 041 |
|
|
|a ger
|
| 044 |
|
|
|c XA-DDDE
|
| 084 |
|
|
|a 02a
|2 sdnb
|
| 084 |
|
|
|a 1
|a 0
|2 ssgn
|
| 084 |
|
|
|a BH 5500
|2 rvk
|0 (DE-625)rvk/11720:
|
| 084 |
|
|
|a 11.34
|2 bkl
|
| 100 |
1 |
|
|0 (DE-588)118532006
|0 (DE-627)079332536
|0 (DE-576)160911397
|4 aut
|a Fascher, Erich
|d 1897-1978
|
| 109 |
|
|
|a Fascher, Erich 1897-1978
|
| 245 |
1 |
4 |
|a Das Menschenbild in biblischer Sicht
|c Erich Fascher
|
| 264 |
|
1 |
|a Berlin
|b Evang. Verl.-Anst.
|c 1962
|
| 300 |
|
|
|a 23 S.
|
| 336 |
|
|
|a Text
|b txt
|2 rdacontent
|
| 337 |
|
|
|a ohne Hilfsmittel zu benutzen
|b n
|2 rdamedia
|
| 338 |
|
|
|a Band
|b nc
|2 rdacarrier
|
| 490 |
1 |
|
|a Aufsätze und Vorträge zur Theologie und Religionswissenschaft
|v 24
|
| 583 |
1 |
|
|a Archivierung/Langzeitarchivierung gewährleistet
|f SSG
|x XA-DE-BW
|2 pdager
|5 DE-21
|
| 583 |
1 |
|
|a Archivierung prüfen
|c 20240324
|f DE-4165
|z 1
|2 pdager
|
| 601 |
|
|
|a Menschenbild
|
| 830 |
|
0 |
|a Aufsätze und Vorträge zur Theologie und Religionswissenschaft
|v 24
|9 24
|w (DE-627)130226815
|w (DE-576)028454499
|w (DE-600)539778-9
|x 0519-4326
|7 am
|
| 889 |
|
|
|w (DE-627)176177736
|
| 935 |
|
|
|a mteo
|a FRST
|a RFBW
|
| 935 |
|
|
|i mdedup
|
| 936 |
r |
v |
|a BH 5500
|b Allgemeine Darstellungen
|k Theologie und Religionswissenschaften
|k Evangelische Dogmatik
|k Spezielle Dogmatik
|k Theologische Anthropologie
|k Allgemeine Darstellungen
|0 (DE-627)1272615383
|0 (DE-625)rvk/11720:
|0 (DE-576)202615383
|
| 936 |
b |
k |
|a 11.34
|j Exegese
|j Hermeneutik
|x Bibel
|0 (DE-627)106404415
|
| 951 |
|
|
|a BO
|
| BIB |
|
|
|a 1
|
| ELC |
|
|
|b 1
|
| ITA |
|
|
|a 1
|t 1
|
| LOK |
|
|
|0 000 xxxxxcx a22 zn 4500
|
| LOK |
|
|
|0 001 2567523952
|
| LOK |
|
|
|0 003 DE-627
|
| LOK |
|
|
|0 004 1122538286
|
| LOK |
|
|
|0 005 20130413104342
|
| LOK |
|
|
|0 008 080409||||||||||||||||ger|||||||
|
| LOK |
|
|
|0 040
|a DE-21
|c DE-627
|d DE-21
|
| LOK |
|
|
|0 852
|a DE-21
|
| LOK |
|
|
|0 852 1
|c Gd 1804-9^^24=ZM
|9 00
|
| LOK |
|
|
|0 935
|a dika
|a theo
|
| LOK |
|
|
|0 939
|a 09-04-08
|b l01
|
| LOK |
|
|
|0 000 xxxxxcx a22 zn 4500
|
| LOK |
|
|
|0 001 4288616913
|
| LOK |
|
|
|0 003 DE-627
|
| LOK |
|
|
|0 004 1122538286
|
| LOK |
|
|
|0 005 20240914080506
|
| LOK |
|
|
|0 008 230313||||||||||||||||ger|||||||
|
| LOK |
|
|
|0 040
|a DE-Tue135
|c DE-627
|d DE-Tue135
|
| LOK |
|
|
|0 092
|o n
|
| LOK |
|
|
|0 852
|a DE-Tue135
|
| LOK |
|
|
|0 852 1
|9 00
|
| LOK |
|
|
|0 866
|x SPQUE#Bibliothek der Franckeschen Stiftungen#SPSAM#Bibliothek des Leipziger Missionswerkes#SPUSM#Bestand der Missionsbibliothek in Leipzig#SPSYS#misb_systematik_K
|
| LOK |
|
|
|0 866
|x SPQUE#Reformationsgeschichtliche Forschungsbibliothek Wittenberg#SPSAM#Predigerseminar#SPUSM#Bestand(1952-2017)
|
| LOK |
|
|
|0 935
|a FRST
|a lemw
|a misb
|a RFBW
|a bips
|a psnb
|
| LOK |
|
|
|0 939
|a 13-03-23
|b l01
|
| ORI |
|
|
|a SA-MARC-ixtheoa001.raw
|
| REL |
|
|
|a 1
|
| SUB |
|
|
|a BIB
|a REL
|